000 00706nam a22001457a 4500
999 _c527252
_d527252
008 240819b ||||| |||| 00| 0 eng d
100 _aBasu, Anamika
_956567
245 _aLife skills for adolescent girls in Himachal Pradesh: A critical evolution
260 _aSocial Scientist
300 _a52(3-4), Mar-Apr, 2024: p.89-98
520 _aThe adolescent period is often described as exhibiting high energy, enthusiasm, and willingness to engage in novel experience. The phenomenon is characters by notable changes in cognitive and behavioral patterns, particularly concerning interpersonal instructions. – Reproduced
773 _aSocial Scientist
906 _aCHILD DEVELOPMENT
942 _cAR